Obálka Náhled e-knihy:
PDF Epub
Pro půjčování e-knih musíte být přihlášeni.
Jak si půjčit online?

Jidáš zbavený pout. Pronásledování /

Pokračování rozsáhlé space opery, odehrávající se ve čtyřiadvacátém století.

Uloženo v:
Série:Sága Společenství, část 3
Hlavní autor: Hamilton, Peter F., 1960- (Autor)
Další autoři: Kotrle, Petr, 1967- (Autor)
Médium: E-kniha
Jazyk:Czech
Vydáno: Praha : Planeta9, 2019
Vydání:Vydání první
Témata:
Příbuzné jednotky:Z cyklu:: Sága Společenství
Tagy:
Žádné tagy
LEADER 02624nam a2200457 i 4500
001 311118
003 CZ PrSKC
005 20260601215659.0
007 ta
008 191203s2019 xr g 000 f cze
015 |a cnb003160182 
020 |a 9788088321088  |q (brožováno) :  |c Kč 499,00 
035 |a (OCoLC)1143841986 
040 |a ABG001  |b cze  |d ABA001  |e rda 
041 1 |a cze  |h eng 
072 7 |a 821.111-3  |x Anglická próza, anglicky psaná  |2 Konspekt 
080 |a 821.111-31  |2 MRF 
080 |a (0:82-311.9)  |2 MRF 
100 1 |a Hamilton, Peter F.,  |d 1960-  |7 xx0012750  |4 aut 
240 1 0 |a Judas unchained.  |l Česky 
245 1 0 |a Jidáš zbavený pout.  |p Pronásledování /  |c Peter F. Hamilton ; přeložil Petr Kotrle 
246 3 0 |a Pronásledování 
250 |a Vydání první 
264 1 |a Praha :  |b Planeta9,  |c 2019 
300 |a 667 stran ;  |c 20 cm 
336 |a text  |b txt  |2 rdacontent 
337 |a bez média  |b n  |2 rdamedia 
338 |a svazek  |b nc  |2 rdacarrier 
500 |a Přeloženo z angličtiny 
520 2 |a Pokračování rozsáhlé space opery, odehrávající se ve čtyřiadvacátém století.  |b Svět, v němž je nesmrtelnost skutečností a cestování mezi planetami pomocí červích děr stejně všední záležitostí jako cesta vlakem, je náhle ohrožen. Po setkání s několika přátelskými či neutrálními mimozemskými rasami lidské Společenství narazilo na jednu velice nepřátelskou. Nazývají se Dokonalí a mají v úmyslu zničit veškerý inteligentní život, neboť jej považují za potenciální hrozbu. Zatímco planety Společenství padají jedna za druhou, záhadný kult Strážců identity se marně pokouší varovat před jinou hrozbou, bytostí nazývanou Hvězdoplavec, která obratným intrikařením rozežírá jednotu Společenství zevnitř. 
655 7 |a anglické romány  |7 fd131814  |2 czenas 
655 7 |a vědecko-fantastické romány  |7 fd133847  |2 czenas 
655 9 |a English fiction  |2 eczenas 
655 9 |a science fiction novels  |2 eczenas 
700 1 |a Kotrle, Petr,  |d 1967-  |7 mzk2003187206  |4 trl 
787 0 8 |i Z cyklu:  |t Sága Společenství  |g 3 
900 |a ABA001  |b 20 
044 |a xr 
910 |a RBIT002 
998 |d 202775  |a https://core.palmknihy.cz/api/books/202775/cover?q1lhwr  |b https://core.palmknihy.cz/api/books/202775/cover/400?q1lhwr  |c https://core.palmknihy.cz/api/books/202775/cover/50?q1lhwr  |e   |g 667  |i 9788088321088  |j https://core.palmknihy.cz/api/books/202775/preview.epub  |k https://core.palmknihy.cz/api/books/202775/preview.pdf  |l   |q 49  |r 1  |s https://www.palmknihy.cz/kniha/202775  |t ebook  |y 2019  |z 0  |v Sága Společenství  |w 3 
999 |d 311116